[Event "Krakow op 18th"]
[Site "Krakow"]
[Date "2008.01.04"]
[Round "9"]
[White "Kachur, Alexander"]
[Black "Szoen, Dariusz"]
[Result "0-1"]
[WhiteElo "2320"]
[BlackElo "2481"]
[PlyCount "106"]
[EventDate "2007.12.27"]
[EventType "swiss"]
[EventRounds "9"]
[EventCountry "POL"]
[SourceTitle "CBM 122 Extra"]
[Source "ChessBase"]
[SourceDate "2008.03.04"]
[SourceVersion "1"]
[SourceVersionDate "2008.03.04"]
[SourceQuality "1"]

1. d4 Nf6 2. Nf3 c5 3. d5 e6 4. Nc3 Nxd5 5. Nxd5 exd5 6. Qxd5 Nc6 7. e4 d6 8. Ng5 Qc7 9. Bc4 Ne5 10. Bb5+ Bd7 11. Bxd7+ Qxd7 12. Bf4 Ng6 13. Bg3 h6 14. Nf3 0-0-0 15. 0-0-0 Qe6 16. Rd3 Be7 17. Rhd1 Qxd5 18. Rxd5 Rhe8 19. Nd2 Bg5 20. Bxd6 b6 21. f3 Re6 22. f4 Nxf4 23. Bxf4 Bxf4 24. g3 Be3 25. Rxd8+ Kxd8 26. Kb1 Rd6 27. Kc1 Rd4 28. c3 Rxe4 29. Kc2 Bxd2 30. Kxd2 Ke7 31. Kd3 f5 32. Rf1 Ke6 33. b3 g5 34. a3 Ke5 35. Rg1 b5 36. Kd2 a5 37. Kd3 h5 38. Kd2 h4 39. Kd3 hxg3 40. hxg3 Rg4 41. Re1+ Kd5 42. Re3 c4+ 43. bxc4+ bxc4+ 44. Kd2 f4 45. gxf4 Rg2+ 46. Kd1 gxf4 47. Re8 Ra2 48. a4 f3 49. Ke1 Re2+ 50. Rxe2 fxe2 51. Kd2 Ke5 52. Ke1 Kf4 53. Kf2 e1Q+ 0-1

[Event "Krakow op 18th"]
[Site "Krakow"]
[Date "2007.12.29"]
[Round "3"]
[White "Kravtsiv, Martyn"]
[Black "Kachur, Alexander"]
[Result "1-0"]
[WhiteElo "2498"]
[BlackElo "2320"]
[PlyCount "63"]
[EventDate "2007.12.27"]
[EventType "swiss"]
[EventRounds "9"]
[EventCountry "POL"]
[SourceTitle "CBM 122 Extra"]
[Source "ChessBase"]
[SourceDate "2008.03.04"]
[SourceVersion "1"]
[SourceVersionDate "2008.03.04"]
[SourceQuality "1"]

1. e4 c5 2. Nf3 e6 3. d4 cxd4 4. Nxd4 a6 5. Bd3 g6 6. Be3 Bg7 7. Nc3 Nc6 8. Nb3 b5 9. Qd2 Rb8 10. 0-0-0 Ne5 11. Bd4 b4 12. Ne2 f6 13. Ba7 Ra8 14. Bc5 a5 15. Bb5 Ba6 16. Ned4 Qb8 17. Ba4 Bh6 18. f4 Bxf4 19. Qxf4 Nd3+ 20. Rxd3 Qxf4+ 21. Rd2 Qe5 22. Bxd7+ Kf7 23. Bxe6+ Kg7 24. Bd6 Qg5 25. Nc5 Qe3 26. Bd5 Ne7 27. Bxe7 Rhe8 28. Nce6+ Kf7 29. Bd6 Rxe6 30. Nxe6 Re8 31. Nc7+ Kg7 32. Nxe8+ 1-0

[Event "Geller Memorial op-A 3rd"]
[Site "Odessa"]
[Date "2007.09.15"]
[Round "8"]
[White "Kachur, Alexander"]
[Black "Kovaleva, Marianna"]
[Result "1/2-1/2"]
[WhiteElo "2284"]
[BlackElo "2042"]
[PlyCount "175"]
[EventDate "2007.09.08"]
[EventType "swiss"]
[EventRounds "9"]
[EventCountry "UKR"]
[SourceTitle "CBM 120 Extra"]
[Source "ChessBase"]
[SourceDate "2007.11.01"]
[SourceVersion "1"]
[SourceVersionDate "2007.11.01"]
[SourceQuality "1"]

1. e4 d6 2. d4 Nf6 3. Nc3 g6 4. Bg5 c6 5. Qd2 b5 6. Bd3 Nbd7 7. Nf3 Qc7 8. a4 b4 9. Ne2 a5 10. Bh6 Ng4 11. Bxf8 Nxf8 12. 0-0 Ne6 13. h3 Nf6 14. Qh6 Ba6 15. Bxa6 Rxa6 16. Rfe1 d5 17. e5 Ne4 18. Nh2 f6 19. f3 N4g5 20. exf6 exf6 21. Ng4 f5 22. Ne5 Nf7 23. Nxf7 Kxf7 24. Nc1 Qf4 25. Qxf4 Nxf4 26. Nb3 Re8 27. Rxe8 Kxe8 28. Re1+ Kf7 29. h4 Ra7 30. Kf2 Ne6 31. g3 h6 32. Ke3 f4+ 33. gxf4 Ng7 34. Kd3 Ne6 35. c3 Nxf4+ 36. Kc2 bxc3 37. Kxc3 Ng2 38. Rh1 h5 39. Rh2 Ne3 40. Nc5 Nf5 41. Nd3 Kf6 42. f4 Rb7 43. Rh3 Nd6 44. Nc5 Ne4+ 45. Nxe4+ dxe4 46. Rg3 Kf5 47. Rg5+ Kxf4 48. Rxg6 e3 49. Rf6+ Ke4 50. Re6+ Kf3 51. Rf6+ Ke2 52. Re6 Kf2 53. Rf6+ Ke2 54. Kc2 Rb4 55. Rxc6 Rxd4 56. b3 Rxh4 57. Rc5 Rh2 58. Rxa5 Kf3+ 59. Kd3 Rd2+ 60. Kc3 h4 61. Rf5+ Kg4 62. Re5 Kf4 63. Rh5 Kg3 64. Re5 Kf2 65. Rh5 Kg3 66. Re5 Kf3 67. Rh5 Rh2 68. a5 Kg4 69. Rh8 Ra2 70. Re8 e2 71. a6 h3 72. Rg8+ Kf3 73. Rf8+ Kg2 74. Rg8+ Kf1 75. Rf8+ Kg1 76. Rg8+ Kh1 77. Re8 h2 78. a7 Kg1 79. Rxe2 Rxe2 80. a8Q h1Q 81. Qxh1+ Kxh1 82. b4 Kg2 83. Kd4 Kf3 84. b5 Rb2 85. Kc5 Ke4 86. b6 Ke5 87. Kc6 Rc2+ 88. Kd7 1/2-1/2

[Event "Geller Memorial op-A 3rd"]
[Site "Odessa"]
[Date "2007.09.12"]
[Round "5"]
[White "Kovalev, Denis"]
[Black "Kachur, Alexander"]
[Result "1-0"]
[WhiteElo "2433"]
[BlackElo "2284"]
[PlyCount "55"]
[EventDate "2007.09.08"]
[EventType "swiss"]
[EventRounds "9"]
[EventCountry "UKR"]
[SourceTitle "CBM 120 Extra"]
[Source "ChessBase"]
[SourceDate "2007.11.01"]
[SourceVersion "1"]
[SourceVersionDate "2007.11.01"]
[SourceQuality "1"]

1. c4 e5 2. Nc3 Nf6 3. g3 d5 4. cxd5 Nxd5 5. Bg2 Nb6 6. Nf3 Nc6 7. 0-0 Be7 8. Rb1 Be6 9. b4 e4 10. Nxe4 Bxa2 11. Bb2 Bxb1 12. Qxb1 0-0 13. b5 Nb4 14. Nd4 Qd7 15. Nf5 N4d5 16. Nxg7 f6 17. Nh5 Qxb5 18. Bh3 Qxe2 19. Be6+ Rf7 20. Nhxf6+ Bxf6 21. Bxf6 Re8 22. Bxf7+ Kxf7 23. Re1 Qh5 24. Bd4 Re6 25. Ng5+ Qxg5 26. Qxh7+ Ke8 27. Rxe6+ Kd8 28. Qh8+ 1-0

[Event "Geller Memorial op-A 3rd"]
[Site "Odessa"]
[Date "2007.09.09"]
[Round "2"]
[White "Kachur, Alexander"]
[Black "Khazankin, Moisey"]
[Result "1/2-1/2"]
[WhiteElo "2284"]
[BlackElo "2114"]
[PlyCount "56"]
[EventDate "2007.09.08"]
[EventType "swiss"]
[EventRounds "9"]
[EventCountry "UKR"]
[SourceTitle "CBM 120 Extra"]
[Source "ChessBase"]
[SourceDate "2007.11.01"]
[SourceVersion "1"]
[SourceVersionDate "2007.11.01"]
[SourceQuality "1"]

1. d4 Nf6 2. c4 c5 3. d5 e5 4. Nc3 d6 5. e4 Be7 6. Bd3 Nbd7 7. Nf3 a6 8. h3 h5 9. g3 Rb8 10. a3 Kf8 11. Qe2 Ne8 12. h4 Ndf6 13. b4 Bg4 14. Qe3 b6 15. Rb1 Bd7 16. Ng5 Ng4 17. Qe2 Bf6 18. f3 Nh6 19. Be3 Nc7 20. Kd2 Ke7 21. Rb3 cxb4 22. Rxb4 Na8 23. Rhb1 Qc7 24. Qf2 b5 25. c5 dxc5 26. Bxc5+ Ke8 27. Rc1 Rc8 28. Ne2 Qa5 1/2-1/2

[Event "Ilichevsk Sunny Pawn-B"]
[Site "Ilichevsk"]
[Date "2007.07.30"]
[Round "10"]
[White "Zatorsky, Danylo"]
[Black "Kachur, Alexander"]
[Result "0-1"]
[WhiteElo "2195"]
[BlackElo "2284"]
[PlyCount "82"]
[EventDate "2007.07.20"]
[EventType "tourn"]
[EventRounds "11"]
[EventCountry "UKR"]
[SourceTitle "CBM 119 Extra"]
[Source "ChessBase"]
[SourceDate "2007.09.04"]
[SourceVersion "1"]
[SourceVersionDate "2007.09.04"]
[SourceQuality "1"]

1. d4 Nf6 2. c4 g6 3. Nf3 Bg7 4. Nc3 d5 5. e3 0-0 6. Be2 c5 7. 0-0 cxd4 8. exd4 Nc6 9. h3 dxc4 10. Bxc4 Na5 11. Bd3 Be6 12. Re1 Rc8 13. Bg5 Qb6 14. Qe2 Rfd8 15. Be3 Bc4 16. Red1 Bxd3 17. Rxd3 Nc4 18. b3 Nxe3 19. fxe3 Rc7 20. Ne5 Nd5 21. Nxd5 Rxd5 22. Nc4 Qe6 23. Qf3 b5 24. Nd2 Qd7 25. b4 e5 26. Nb3 f5 27. Qd1 e4 28. Rd2 Bh6 29. Re2 Bf8 30. Qe1 Rc4 31. Nc5 Qc6 32. a3 a5 33. Rb1 axb4 34. axb4 f4 35. Nxe4 fxe3 36. Rxe3 Rdxd4 37. Nc5 Rxb4 38. Rxb4 Bxc5 39. Rbb3 Qd5 40. Kh2 Bd6+ 41. g3 Rd2+ 0-1

[Event "Ilichevsk Sunny Pawn-B"]
[Site "Ilichevsk"]
[Date "2007.07.28"]
[Round "8"]
[White "Kigel, Dmytro"]
[Black "Kachur, Alexander"]
[Result "1/2-1/2"]
[WhiteElo "2071"]
[BlackElo "2284"]
[PlyCount "48"]
[EventDate "2007.07.20"]
[EventType "tourn"]
[EventRounds "11"]
[EventCountry "UKR"]
[SourceTitle "CBM 119 Extra"]
[Source "ChessBase"]
[SourceDate "2007.09.04"]
[SourceVersion "1"]
[SourceVersionDate "2007.09.04"]
[SourceQuality "1"]

1. c4 e5 2. Nc3 Nf6 3. g3 d5 4. cxd5 Nxd5 5. Bg2 Nb6 6. Nf3 Nc6 7. 0-0 Be7 8. d3 Be6 9. Be3 0-0 10. Qc1 f5 11. Rd1 Bf6 12. Ng5 Bxg5 13. Bxg5 Qd7 14. Be3 Rad8 15. f4 Nd5 16. Nxd5 Bxd5 17. Bxd5+ Qxd5 18. Qc4 Rfe8 19. Kf2 exf4 20. Qxd5+ Rxd5 21. gxf4 Rd6 22. Bd2 Rde6 23. e3 Ne7 24. Bc3 Ng6 1/2-1/2

[Event "Ilichevsk Sunny Pawn-B"]
[Site "Ilichevsk"]
[Date "2007.07.27"]
[Round "7"]
[White "Kachur, Alexander"]
[Black "Martemianov, Iaroslav"]
[Result "1/2-1/2"]
[WhiteElo "2284"]
[BlackElo "2333"]
[PlyCount "222"]
[EventDate "2007.07.20"]
[EventType "tourn"]
[EventRounds "11"]
[EventCountry "UKR"]
[SourceTitle "CBM 119 Extra"]
[Source "ChessBase"]
[SourceDate "2007.09.04"]
[SourceVersion "1"]
[SourceVersionDate "2007.09.04"]
[SourceQuality "1"]

1. d4 Nf6 2. Nf3 e6 3. g3 d5 4. c4 c6 5. Qc2 Ne4 6. Bg2 Bd6 7. 0-0 0-0 8. Bf4 Be7 9. Nfd2 Nd6 10. Rd1 f5 11. Nc3 Nd7 12. c5 Nf7 13. f3 e5 14. dxe5 Ndxe5 15. Nb3 Ng6 16. Be3 Qc7 17. f4 Nd8 18. Bd4 Ne6 19. e3 b6 20. cxb6 axb6 21. Nxd5 cxd5 22. Qxc7 Nxc7 23. Rdc1 Bc5 24. Nxc5 bxc5 25. Rxc5 Ne6 26. Bxd5 Ra6 27. Rc7 Rd8 28. Bc4 Rad6 29. Bc5 Ba6 30. Bxd6 Rxd6 31. Rc5 Ne7 32. Rc1 Kf8 33. Bxe6 Rxe6 34. Kf2 Rd6 35. Ke1 Bb7 36. a4 Ra6 37. a5 Be4 38. b4 Nd5 39. Rc8+ Kf7 40. Rb8 Ra7 41. Ke2 Ne7 42. Rb6 Nd5 43. Rb8 Ne7 44. Rb5 Ke6 45. Rb6+ Kd7 46. Rc5 Nd5 47. Rb8 Nc7 48. Rg8 Ne6 49. Rcc8 Bb7 50. Rb8 Bd5 51. Kd2 Be4 52. Kc3 Rc7+ 53. Kb3 Bd5+ 54. Kb2 Be4 55. a6 Kd6 56. Rbc8 Ra7 57. b5 Bd3 58. b6 Rxa6 59. b7 Rb6+ 60. Kc3 Rxb7 61. Kxd3 Rb3+ 62. Rc3 Rb2 63. Rc2 Nc5+ 64. Kc3 Rb7 65. Rd2+ Ke6 66. Rdd8 Ne4+ 67. Kc2 Rc7+ 68. Kd3 Nf6 69. Rh8 Kf7 70. h3 h5 71. Rhf8+ Ke7 72. Rc8 Ra7 73. Ra8 Rb7 74. Rfb8 Rd7+ 75. Ke2 Ne4 76. Re8+ Kf7 77. Rxe4 fxe4 78. Ra5 Rb7 79. Rxh5 Rb2+ 80. Kf1 Rb1+ 81. Kf2 Rb2+ 82. Ke1 Rg2 83. g4 Rh2 84. Rf5+ Kg6 85. Rg5+ Kf7 86. Rf5+ Kg6 87. Re5 Rxh3 88. Re6+ Kf7 89. Rxe4 Rh2 90. Rd4 Ke6 91. Rd2 Rh4 92. Rg2 Kd5 93. Kf2 Ke4 94. Kg3 Rh1 95. Re2 Rg1+ 96. Kf2 Rxg4 97. Ra2 Rh4 98. Ra5 Kd3 99. Rd5+ Ke4 100. Re5+ Kd3 101. Kg2 Ke2 102. Kg3 Rh1 103. Kg4 Rg1+ 104. Kf5 Kf3 105. Re7 Rg2 106. Re8 Rg1 107. Re7 Rg2 108. Re5 Rg1 109. Ke6 Re1 110. Kf7 Rxe3 111. Rxe3+ Kxe3 1/2-1/2

[Event "Ilichevsk Sunny Pawn-B"]
[Site "Ilichevsk"]
[Date "2007.07.20"]
[Round "1"]
[White "Vavric, Pavel"]
[Black "Kachur, Alexander"]
[Result "1/2-1/2"]
[WhiteElo "2201"]
[BlackElo "2284"]
[PlyCount "129"]
[EventDate "2007.07.20"]
[EventType "tourn"]
[EventRounds "11"]
[EventCountry "UKR"]
[SourceTitle "CBM 119 Extra"]
[Source "ChessBase"]
[SourceDate "2007.09.04"]
[SourceVersion "1"]
[SourceVersionDate "2007.09.04"]
[SourceQuality "1"]

1. e4 c5 2. Nf3 e6 3. d4 cxd4 4. Nxd4 a6 5. Bd3 g6 6. 0-0 Bg7 7. Be3 Nc6 8. Nxc6 bxc6 9. Nd2 Ne7 10. a4 d5 11. a5 0-0 12. Bb6 Qd6 13. Nb3 Bxb2 14. Rb1 Be5 15. Bc5 Qd7 16. Qe2 Bd6 17. Bb6 dxe4 18. Bxe4 Nd5 19. Qd2 Rb8 20. Rfd1 Qe7 21. c4 Bb4 22. Qd4 e5 23. Qd3 Nxb6 24. axb6 Rxb6 25. Qe3 c5 26. Ra1 Kg7 27. Bd5 Qc7 28. h4 h6 29. Ra2 f5 30. Re2 Re8 31. Qc1 Qe7 32. Qa1 Qf6 33. f3 Bd7 34. Nc1 Rd6 35. Nd3 e4 36. Qxf6+ Rxf6 37. Bxe4 fxe4 38. Nxb4 cxb4 39. Rxd7+ Rf7 40. Rd6 Rf6 41. Rd7+ Rf7 42. Rd6 Rb8 43. fxe4 Ra7 44. c5 b3 45. Rb2 a5 46. Rb6 Rc8 47. R2xb3 Rxc5 48. Rb7+ Rxb7 49. Rxb7+ Kf6 50. Kf2 Ke5 51. Ke3 Rc3+ 52. Kd2 Rg3 53. h5 g5 54. Rb6 Kxe4 55. Rxh6 Rxg2+ 56. Ke1 Rh2 57. Ra6 Rxh5 58. Rxa5 Kf3 59. Ra3+ Kg2 60. Ra2+ Kg3 61. Ra3+ Kg2 62. Ra2+ Kg1 63. Ra5 Kh1 64. Kf1 Kh2 65. Kf2 1/2-1/2

[Event "Krakow op 17th"]
[Site "Krakow"]
[Date "2006.12.28"]
[Round "2"]
[White "Jakubowski, Krzysztof"]
[Black "Kachur, Alexander"]
[Result "1-0"]
[WhiteElo "2497"]
[BlackElo "2332"]
[PlyCount "117"]
[EventDate "2006.12.27"]
[EventType "swiss"]
[EventRounds "9"]
[EventCountry "POL"]
[SourceTitle "CBM 116 Extra"]
[Source "ChessBase"]
[SourceDate "2007.03.07"]
[SourceVersion "1"]
[SourceVersionDate "2007.03.07"]
[SourceQuality "1"]

1. e4 c5 2. Nf3 e6 3. d4 cxd4 4. Nxd4 Nc6 5. Nc3 Qc7 6. Be2 a6 7. 0-0 Nf6 8. Kh1 Nxd4 9. Qxd4 Bc5 10. Qd3 b5 11. Bg5 Bb7 12. a3 b4 13. axb4 Bxb4 14. Bxf6 gxf6 15. Nd1 Bd6 16. Ne3 Bxh2 17. g3 Bxg3 18. fxg3 Qxg3 19. Ng2 Rg8 20. Qxg3 Rxg3 21. Kh2 Rg6 22. Bf3 Ke7 23. Rf2 Rag8 24. Ra3 Rh6+ 25. Kg1 Rg5 26. Re3 Bc6 27. c4 Rh3 28. Kf1 Rh1+ 29. Ke2 Rc5 30. Ne1 Rg1 31. b3 Ra5 32. Nc2 Ra2 33. Kd2 Rb1 34. Rh2 a5 35. e5 fxe5 36. Bxc6 dxc6 37. Rxh7 Rbb2 38. Rc3 a4 39. bxa4 Rxa4 40. Kc1 Rb8 41. Rf3 Rxc4 42. Rhxf7+ Kd6 43. Rd3+ Kc5 44. Re7 Rh8 45. Rxe6 Rh2 46. Rxe5+ Kb6 47. Rd2 Rxd2 48. Kxd2 Rh4 49. Kc3 Rh6 50. Ne3 Rh3 51. Kd4 Rh4+ 52. Kd3 Rh3 53. Kc4 Rh4+ 54. Kb3 Rh3 55. Kb4 Rh7 56. Nc4+ Kc7 57. Ra5 Kb7 58. Nd6+ Kb6 59. Nc8+ 1-0

[Event "Lasker Memorial op-A"]
[Site "Barlinek"]
[Date "2006.06.11"]
[Round "9"]
[White "Lagowski, Patryk"]
[Black "Kachur, Alexander"]
[Result "0-1"]
[WhiteElo "2392"]
[BlackElo "2261"]
[PlyCount "52"]
[EventDate "2006.06.03"]
[EventType "swiss"]
[EventRounds "9"]
[EventCountry "POL"]
[SourceTitle "CBM 112 Extra"]
[Source "ChessBase"]
[SourceDate "2006.07.14"]
[SourceVersion "1"]
[SourceVersionDate "2006.07.14"]
[SourceQuality "1"]

1. d4 d5 2. c4 c6 3. Nf3 Nf6 4. e3 e6 5. Nc3 Nbd7 6. Bd3 Bd6 7. e4 dxe4 8. Nxe4 Nxe4 9. Bxe4 e5 10. 0-0 exd4 11. Bg5 f6 12. Nxd4 Nc5 13. Bc2 fxg5 14. Re1+ Kf7 15. b4 Ne6 16. Rxe6 Bxe6 17. Nxe6 Kxe6 18. Qg4+ Kf7 19. c5 Qf6 20. Rd1 Bxh2+ 21. Kf1 Rhd8 22. Re1 Rd2 23. Bb3+ Kf8 24. f3 Re8 25. Qh5 Rxe1+ 26. Kxe1 Bf4 0-1

[Event "Lasker Memorial op-A"]
[Site "Barlinek"]
[Date "2006.06.08"]
[Round "6"]
[White "Kachur, Alexander"]
[Black "Korneevets, Alexander"]
[Result "0-1"]
[WhiteElo "2261"]
[BlackElo "2293"]
[PlyCount "67"]
[EventDate "2006.06.03"]
[EventType "swiss"]
[EventRounds "9"]
[EventCountry "POL"]
[SourceTitle "CBM 112 Extra"]
[Source "ChessBase"]
[SourceDate "2006.07.14"]
[SourceVersion "1"]
[SourceVersionDate "2006.07.14"]
[SourceQuality "1"]

1. e4 e5 2. Nf3 Nc6 3. Nc3 Nf6 4. d4 exd4 5. Nd5 Be7 6. Bf4 d6 7. Nxd4 0-0 8. Nb5 Nxd5 9. exd5 Ne5 10. Qd2 Ng6 11. Be3 c5 12. a4 f5 13. f4 Bd7 14. Be2 a6 15. Nc3 Bf6 16. 0-0 Re8 17. Kh1 Qa5 18. Rfe1 Kh8 19. Nd1 Qxd2 20. Bxd2 Re4 21. Nc3 Bxc3 22. Bxc3 Rae8 23. Bf1 Nxf4 24. Rxe4 Rxe4 25. b3 Nxd5 26. Bb2 Bc6 27. Bd3 Re8 28. Bxf5 Ne3 29. Bh3 Nxc2 30. Rd1 Re1+ 31. Rxe1 Nxe1 32. Bc3 Nd3 33. Kg1 Nf4 34. Kf2 0-1

[Event "Lasker Memorial op-A"]
[Site "Barlinek"]
[Date "2006.06.07"]
[Round "5"]
[White "Grabarczyk, Miroslaw"]
[Black "Kachur, Alexander"]
[Result "1-0"]
[WhiteElo "2469"]
[BlackElo "2261"]
[PlyCount "101"]
[EventDate "2006.06.03"]
[EventType "swiss"]
[EventRounds "9"]
[EventCountry "POL"]
[SourceTitle "CBM 112 Extra"]
[Source "ChessBase"]
[SourceDate "2006.07.14"]
[SourceVersion "1"]
[SourceVersionDate "2006.07.14"]
[SourceQuality "1"]

1. d4 Nf6 2. c4 c5 3. d5 b5 4. cxb5 a6 5. b6 d6 6. Nc3 g6 7. e4 Nbd7 8. a4 a5 9. Nf3 Bg7 10. Bb5 0-0 11. 0-0 Nxb6 12. Rb1 Ba6 13. Bxa6 Rxa6 14. b3 Ra8 15. Bg5 Qd7 16. Nd2 Rfb8 17. Bxf6 Bxf6 18. Nb5 Nc8 19. Nc4 Na7 20. Nba3 Nc8 21. Qd2 Qd8 22. f4 Rb4 23. e5 Bg7 24. Nc2 Rbb8 25. Rfd1 Qc7 26. Qe3 Nb6 27. N2a3 Nxc4 28. Nxc4 Rb4 29. Rd3 Rab8 30. Re1 Bf8 31. Qf3 Bg7 32. h4 Rxc4 33. exd6 Qxd6 34. bxc4 Rb4 35. Qe4 Bf6 36. h5 Rxa4 37. h6 Rb4 38. g4 Kf8 39. g5 Bb2 40. f5 Bd4+ 41. Kh1 Rb2 42. Rh3 Rf2 43. f6 e5 44. dxe6 fxe6 45. Qa8+ Kf7 46. Rb1 Bb2 47. Qb7+ Ke8 48. Kg1 Re2 49. Rf1 Bd4+ 50. Kh1 Be5 51. f7+ 1-0

[Event "Lasker Memorial op-A"]
[Site "Barlinek"]
[Date "2006.06.06"]
[Round "4"]
[White "Kachur, Alexander"]
[Black "Koziak, Vitali"]
[Result "1/2-1/2"]
[WhiteElo "2261"]
[BlackElo "2462"]
[PlyCount "50"]
[EventDate "2006.06.03"]
[EventType "swiss"]
[EventRounds "9"]
[EventCountry "POL"]
[SourceTitle "CBM 112 Extra"]
[Source "ChessBase"]
[SourceDate "2006.07.14"]
[SourceVersion "1"]
[SourceVersionDate "2006.07.14"]
[SourceQuality "1"]

1. d4 d5 2. c4 e5 3. dxe5 d4 4. Nf3 Nc6 5. g3 Nge7 6. Bg2 Ng6 7. 0-0 Ngxe5 8. Nxe5 Nxe5 9. b3 Bc5 10. Nd2 0-0 11. Bb2 f5 12. e3 dxe3 13. Bxe5 exd2 14. Qc2 f4 15. Bxf4 Bf5 16. Be4 Bxf2+ 17. Kxf2 Bxe4 18. Qxe4 g5 19. Kg2 gxf4 20. Rad1 fxg3 21. Qg4+ Kh8 22. Rxf8+ Qxf8 23. Qd4+ Kg8 24. Qg4+ Kh8 25. Qd4+ Kg8 1/2-1/2

[Event "Lasker Memorial op-A"]
[Site "Barlinek"]
[Date "2006.06.05"]
[Round "3"]
[White "Zezulkin, Jurij"]
[Black "Kachur, Alexander"]
[Result "0-1"]
[WhiteElo "2479"]
[BlackElo "2261"]
[PlyCount "36"]
[EventDate "2006.06.03"]
[EventType "swiss"]
[EventRounds "9"]
[EventCountry "POL"]
[SourceTitle "CBM 112 Extra"]
[Source "ChessBase"]
[SourceDate "2006.07.14"]
[SourceVersion "1"]
[SourceVersionDate "2006.07.14"]
[SourceQuality "1"]

1. e4 c5 2. Nc3 e6 3. Nf3 a6 4. d4 cxd4 5. Nxd4 Qc7 6. Bd3 Nf6 7. 0-0 Nc6 8. Be3 b5 9. Re1 Bb7 10. Nxc6 Qxc6 11. Bd4 Be7 12. a3 0-0 13. Qf3 Ne8 14. Qh3 g6 15. Re3 f6 16. Rae1 Bc5 17. Ne2 Ng7 18. Qh6 Nf5 0-1

[Event "Ternopol Kaplun Memorial 9th"]
[Site "Ternopol"]
[Date "2006.05.28"]
[Round "7"]
[White "Bets, Anatolij"]
[Black "Kachur, Alexander"]
[Result "0-1"]
[WhiteElo "2382"]
[BlackElo "2261"]
[PlyCount "68"]
[EventDate "2006.05.24"]
[EventType "tourn"]
[EventRounds "9"]
[EventCountry "UKR"]
[EventCategory "2"]
[SourceTitle "CBM 112 Extra"]
[Source "ChessBase"]
[SourceDate "2006.07.14"]
[SourceVersion "1"]
[SourceVersionDate "2006.07.14"]
[SourceQuality "1"]

1. d4 d5 2. c4 e5 3. dxe5 d4 4. Nf3 Nc6 5. Nbd2 Nge7 6. Nb3 Nf5 7. a3 Be7 8. g3 a5 9. Qd3 a4 10. Nbd2 h5 11. Bh3 g6 12. 0-0 Be6 13. Ne4 Nh4 14. Bxe6 Nxf3+ 15. Qxf3 fxe6 16. Nf6+ Bxf6 17. exf6 Qd7 18. Bg5 Ra5 19. h4 Rc5 20. Rac1 e5 21. Qe4 Qf5 22. Qg2 e4 23. Rfd1 0-0 24. f3 Re5 25. g4 hxg4 26. Qxg4 exf3 27. Qxf5 Rxf5 28. exf3 Rxf3 29. Kg2 Rb3 30. Rd2 Re8 31. Rf1 Kf7 32. Rff2 Re4 33. Bf4 Na5 34. Bxc7 Nxc4 0-1

[Event "Ternopol Kaplun Memorial 9th"]
[Site "Ternopol"]
[Date "2006.05.28"]
[Round "8"]
[White "Kachur, Alexander"]
[Black "Kalinin, Oleg"]
[Result "1-0"]
[WhiteElo "2261"]
[BlackElo "2372"]
[PlyCount "115"]
[EventDate "2006.05.24"]
[EventType "tourn"]
[EventRounds "9"]
[EventCountry "UKR"]
[EventCategory "2"]
[SourceTitle "CBM 112 Extra"]
[Source "ChessBase"]
[SourceDate "2006.07.14"]
[SourceVersion "1"]
[SourceVersionDate "2006.07.14"]
[SourceQuality "1"]

1. d4 d5 2. c4 e6 3. Nc3 Nf6 4. cxd5 exd5 5. Bg5 Be7 6. e3 c6 7. Bd3 0-0 8. Qc2 Nbd7 9. Nf3 Re8 10. h3 Nf8 11. g4 Be6 12. 0-0-0 Rc8 13. Kb1 c5 14. dxc5 Rxc5 15. Rc1 Qa5 16. Nd4 Rcc8 17. Qd2 h6 18. Bh4 Ne4 19. Nxe4 Qxd2 20. Nxd2 Bxh4 21. Rxc8 Rxc8 22. Rf1 Nd7 23. f4 Nc5 24. Bc2 Bd7 25. N2f3 Be7 26. Rd1 Bf8 27. Ne5 Bc6 28. Bf5 Rc7 29. Rc1 Be8 30. Rd1 Bc6 31. Bc2 Nd7 32. Nexc6 bxc6 33. Ba4 Nb8 34. Kc2 Bc5 35. Kd3 Bb6 36. b4 c5 37. bxc5 Rxc5 38. Bb5 a6 39. Ba4 Ba7 40. Rb1 Rc7 41. Bb3 Rd7 42. Rc1 Rd8 43. Rc7 Bb6 44. Rb7 Nd7 45. Ke2 Bxd4 46. exd4 Nf6 47. Re7 Kf8 48. Re5 Rd6 49. g5 hxg5 50. fxg5 Nd7 51. Rxd5 Rxd5 52. Bxd5 Nb6 53. Bb3 Ke7 54. Ke3 a5 55. Ke4 g6 56. a3 f6 57. gxf6+ Kxf6 58. h4 1-0

[Event "Ternopol Kaplun Memorial 9th"]
[Site "Ternopol"]
[Date "2006.05.27"]
[Round "6"]
[White "Kachur, Alexander"]
[Black "Jamashev, Evgeny"]
[Result "1-0"]
[WhiteElo "2261"]
[BlackElo "2320"]
[PlyCount "62"]
[EventDate "2006.05.24"]
[EventType "tourn"]
[EventRounds "9"]
[EventCountry "UKR"]
[EventCategory "2"]
[SourceTitle "CBM 112 Extra"]
[Source "ChessBase"]
[SourceDate "2006.07.14"]
[SourceVersion "1"]
[SourceVersionDate "2006.07.14"]
[SourceQuality "1"]

1. d4 d5 2. c4 dxc4 3. Nc3 Nf6 4. e4 c5 5. d5 e6 6. Nf3 exd5 7. e5 Ng4 8. Qxd5 Nc6 9. h3 Nh6 10. Qxd8+ Nxd8 11. Nd5 Ne6 12. Bxh6 gxh6 13. Nf6+ Ke7 14. Bxc4 b5 15. Nd5+ Kd8 16. Bxb5 Nd4 17. Nxd4 cxd4 18. 0-0-0 Bc5 19. b4 Bb6 20. Nxb6 axb6 21. Rxd4+ Ke7 22. Kb2 Rg8 23. g4 Be6 24. a3 h5 25. f3 Rad8 26. Rhd1 Rxd4 27. Rxd4 Rg5 28. f4 Rg8 29. f5 Bc8 30. Bc4 hxg4 31. f6+ Ke8 1-0

[Event "Ternopol Kaplun Memorial 9th"]
[Site "Ternopol"]
[Date "2006.05.24"]
[Round "2"]
[White "Kachur, Alexander"]
[Black "Privalov, Yuriy"]
[Result "1-0"]
[WhiteElo "2261"]
[BlackElo "2271"]
[PlyCount "77"]
[EventDate "2006.05.24"]
[EventType "tourn"]
[EventRounds "9"]
[EventCountry "UKR"]
[EventCategory "2"]
[SourceTitle "CBM 112 Extra"]
[Source "ChessBase"]
[SourceDate "2006.07.14"]
[SourceVersion "1"]
[SourceVersionDate "2006.07.14"]
[SourceQuality "1"]

1. d4 d5 2. c4 c6 3. Nf3 Nf6 4. Nc3 Qb6 5. Qc2 Na6 6. a3 g6 7. e3 Bf5 8. Bd3 Bxd3 9. Qxd3 Bg7 10. 0-0 0-0 11. b4 dxc4 12. Qxc4 Rfd8 13. e4 Nc7 14. Bf4 Ne6 15. Be5 a5 16. Rab1 axb4 17. axb4 Ne8 18. d5 N6c7 19. Qc5 Qxc5 20. bxc5 cxd5 21. Rxb7 d4 22. Nb5 Nxb5 23. Rxb5 d3 24. Rd1 Bxe5 25. Nxe5 Nf6 26. f3 Ra3 27. Rd2 Rc3 28. Kf2 Ne8 29. Nc6 Rd7 30. Rb8 Kf8 31. Ne5 Rc7 32. Nxd3 e6 33. Ne5 Ke7 34. Rdd8 Nf6 35. Rf8 R7xc5 36. Rxf7+ Kd6 37. Nd3 Rc7 38. e5+ Kc6 39. Nb4+ 1-0

[Event "Krakow op"]
[Site "Krakow"]
[Date "2006.05.07"]
[Round "9"]
[White "Tomsia, Kamil"]
[Black "Kachur, Alexander"]
[Result "0-1"]
[WhiteElo "2011"]
[BlackElo "2261"]
[PlyCount "72"]
[EventDate "2006.04.27"]
[EventType "swiss"]
[EventRounds "9"]
[EventCountry "POL"]
[SourceTitle "CBM 112 Extra"]
[Source "ChessBase"]
[SourceDate "2006.07.14"]
[SourceVersion "1"]
[SourceVersionDate "2006.07.14"]
[SourceQuality "1"]

1. d4 Nf6 2. c4 c5 3. d5 b5 4. cxb5 a6 5. b6 g6 6. Nc3 Bg7 7. e4 d6 8. Nf3 0-0 9. Nd2 Nbd7 10. Be2 Nxb6 11. 0-0 e6 12. a4 a5 13. dxe6 Bxe6 14. Nf3 d5 15. exd5 Nfxd5 16. Ne4 Qc7 17. Nfd2 Rfd8 18. Qc2 Rac8 19. Nc4 Nb4 20. Qb3 Rd4 21. Ned2 Rcd8 22. Re1 Rxd2 23. Bxd2 Rxd2 24. Qe3 Rxe2 25. Qxe2 Nxc4 26. Qf3 Nc2 27. Qa8+ Bf8 28. Rad1 Nb6 29. Qxa5 Nxe1 30. Rxe1 Qc6 31. Ra1 Bb3 32. Qb5 Qxb5 33. axb5 Ba4 34. Kf1 Bg7 35. Kg1 Bxb2 36. Rb1 Ba3 0-1